Spis Martina Lutera Z Rzečy niemecke w Czesku přeloženy Wniemž vkazuge Co mu při Bratřiech zda zaprawee A co zapochybnee: Ato zpřičiny Otazek dietinskych W Jazyku niemecké wydaných Dotykage yspisu Oprawdie witiezne Lukassem poslaneeho : Zwittemberka : Leta od narozeni Spasytele nasseho Tisycieho pietisteho Třimezcietme<>: W čem luter Bratřie netupi Chceli kto znati Musy w geho psanij Prawdie mijesto dati

Bibliographic Details
Main Author: Luther, Martin, 1483-1546 (Author)
Corporate Author: Olivetský z Olivetu, Pavel (Litomyšl, Česko) (Printer)
Other Authors: Olivetskýl z Olivetu, Pavel (Printer), Roh, Jan, asi 1490-1547 (Translator)
Format: Book
Language:Czech
German
PhysicalDescription:A6-B6, C3 [=15] list. 4°
Published: [V Litomyšli] Paulus Oliuecensis 1523
Subjects:

MARC

LEADER 00000nam a2200000 a 4500
001 vtls008859528
003 SK-MaSNL
005 20260301224815.0
008 240226s1523 xr a cze
015 |a SNBHFA1523 
035 |a cpl000120297 
035 |a 9184A0FF-3C7B-4E9A-860A-BB30BA356E03 
035 |a urn:nbn:sk:snk-am00ie6r 
040 |a SNKHFA  |b slo  |c SNKHFA  |e AACR2 
041 1 |a cze  |h ger 
044 |a xr  |c CZ 
072 7 |a 2-1  |x Prirodzená teológia. Náboženská filozofia  |2 konspekt 
080 |a 2-1  |2 2011 
100 1 |a Luther, Martin,  |d 1483-1546  |4 aut  |9 106834 
245 1 0 |a Spis Martina Lutera  |b Z Rzečy niemecke w Czesku přeloženy Wniemž vkazuge Co mu při Bratřiech zda zaprawee A co zapochybnee: Ato zpřičiny Otazek dietinskych W Jazyku niemecké wydaných Dotykage yspisu Oprawdie witiezne Lukassem poslaneeho : Zwittemberka : Leta od narozeni Spasytele nasseho Tisycieho pietisteho Třimezcietme<>: W čem luter Bratřie netupi Chceli kto znati Musy w geho psanij Prawdie mijesto dati 
260 |a [V Litomyšli]  |b Paulus Oliuecensis  |c 1523 
300 |a A6-B6, C3 [=15] list.  |c 4° 
500 |a Iniciálka v rámčeku na 7 r., titulný list v drevorezovom ráme, drevorez, rubriky 
501 |a Príväzok 3. k: LUKÁŠ Pražský. Odpovied Na spis Kalencuo. - [Litomyšl] : Olivetský z Olivetu, Pavel, 1523. 4°.  |5 SNK ID 53/prív. 3 
510 0 |a Knihopis 5120 
546 |a Čeština  |b Fraktúra 
550 |a Impresorské údaje doplnené z citovanej literatúry a kolofónu. 
650 0 7 |a teológia  |2 SNKPH  |9 1814 
700 1 |a Olivetskýl z Olivetu, Pavel  |4 prt  |9 617517 
700 1 |a Roh, Jan,  |d asi 1490-1547  |4 trl  |9 617518 
710 2 |a Olivetský z Olivetu, Pavel (Litomyšl, Česko)  |4 prt  |9 617519 
752 |a Česko  |d Litomyšl 
852 |a Slovenská národná knižnica  |b Historické fondy 
852 |a snk  |b Historické fondy  |p ID 53/prív. 3 
958 |a DA 
958 |a ONDV 
999 |c 948681  |d 950611 
952 |t Tlače 16. stor.  |a SNK  |b SNK  |c SNK_HF  |y PREZ  |7 0  |p 17A1396314  |o snkID 53/prív.3  |i snk1934/1-8  |8 5  |0 0  |1 0  |4 0  |d 2020-09-10  |f 1  |l 0  |r 2026-02-24 09:41:00  |w 2026-02-24